[Event "PRO League Pacific 2017"]
[Site "chess.com INT"]
[Date "2017.01.11"]
[Round "1"]
[White "Dreev, Aleksey"]
[Black "Mikhalevski, Victor"]
[Result "1-0"]
[WhiteTitle "GM"]
[BlackTitle "GM"]
[WhiteElo "2651"]
[BlackElo "2504"]
[WhiteTeam "San Diego Surfers"]
[BlackTeam "Seattle Sluggers"]
[WhiteFideId "4100107"]
[BlackFideId "2801914"]
[EventDate "2017.01.11"]

1. d4 Nf6 2. Nf3 g6 3. g3 Bg7 4. Bg2 O-O 5. O-O d5 6. c4 c6 7. Qb3 Qb6 8. Nc3
Rd8 9. Rd1 Bf5 10. Ne1 dxc4 11. Qxc4 Na6 12. e4 Bg4 13. Bf3 Rd7 14. Qe2 Bxf3 15.
Nxf3 e6 16. Be3 Qa5 17. Ne5 Re7 18. a3 Rc8 19. Qf3 Nd7 20. Nc4 Qc7 21. e5 Rf8
22. Qe2 Nb6 23. Nd6 f6 24. f4 Qb8 25. exf6 Bxf6 26. Nde4 Bg7 27. Ng5 Nd5 28. Bf2
Nac7 29. Nce4 Nf6 30. Nc5 Nd7 31. Nd3 Nf6 32. Re1 Qd8 33. d5 Nfxd5 34. Bc5 Rfe8
35. Bxe7 Rxe7 36. Ne5 Nb5 37. Rad1 Qb6+ 38. Qf2 Qxf2+ 39. Kxf2 Bf6 40. h4 Kg7
41. Rd2 Nd6 42. Rde2 Nf5 43. Nef3 Nc7 44. Nxe6+ Nxe6 45. Rxe6 Rd7 46. g4 Nd4 47.
R6e4 c5 48. g5 Bd8 49. Nxd4 cxd4 50. Ke2 Kf7 51. Kd3 Bb6 52. Rc1 Kg7 53. Rc8 1-0

[Event "PRO League Pacific 2017"]
[Site "chess.com INT"]
[Date "2017.01.11"]
[Round "1"]
[White "Sukandar, Irine Kharisma"]
[Black "Chirila, Ioan-Cristian"]
[Result "0-1"]
[WhiteTitle "IM"]
[BlackTitle "GM"]
[WhiteElo "2421"]
[BlackElo "2533"]
[WhiteTeam "Webster Windmills"]
[BlackTeam "San Jose Hackers"]
[WhiteFideId "7101937"]
[BlackFideId "1211668"]
[EventDate "2017.01.11"]

1. Nf3 Nf6 2. c4 g6 3. Nc3 d5 4. cxd5 Nxd5 5. e4 Nxc3 6. dxc3 Qxd1+ 7. Kxd1 f6
8. h4 e5 9. Bc4 Bc5 10. Bh6 Ke7 11. Kc2 Be6 12. Nd2 Nd7 13. Rhf1 a5 14. a4 Rhd8
15. Bxe6 Kxe6 16. Nc4 Nb6 17. Nxb6 Bxb6 18. f4 exf4 19. Bxf4 Rd7 20. Rae1 Bc5
21. g4 Rf8 22. Bg3 Rfd8 23. Re2 c6 24. Bf4 b5 25. axb5 cxb5 26. g5 Be7 27. Be3
Rc8 28. Ref2 fxg5 29. hxg5 Rc4 30. Rf7 Rxe4 31. Bc1 Bd8 32. Rf8 Be7 33. R8f7 Bd8
34. Rf8 Be7 35. R8f7 Re5 36. Rxh7 Bxg5 37. Rxd7 Kxd7 38. Rf7+ Ke6 39. Ra7 Bxc1
40. Kxc1 a4 41. c4 Rc5 42. Ra6+ Kf5 43. Kd2 Rxc4 44. Rb6 Rb4 45. Kc3 Rb3+ 46.
Kc2 g5 47. Rb8 g4 48. Rf8+ Ke4 49. Re8+ Kf3 50. Rf8+ Kg2 51. Rg8 g3 52. Rf8 Kg1
53. Rg8 g2 54. Rf8 Rg3 0-1

[Event "PRO League Pacific 2017"]
[Site "chess.com INT"]
[Date "2017.01.11"]
[Round "1"]
[White "Rosen, Eric S"]
[Black "Yoo, Christopher Woojin"]
[Result "1-0"]
[WhiteTitle "IM"]
[WhiteElo "2364"]
[BlackElo "1854"]
[WhiteTeam "Webster Windmills"]
[BlackTeam "San Jose Hackers"]
[WhiteFideId "2032562"]
[BlackFideId "30909694"]
[EventDate "2017.01.11"]

1. c4 Nf6 2. Nc3 d5 3. cxd5 Nxd5 4. Nf3 g6 5. e4 Nxc3 6. dxc3 Qxd1+ 7. Kxd1 f6
8. h4 Bg4 9. Kc2 e5 10. Bc4 Nd7 11. Nh2 h5 12. Nxg4 hxg4 13. Bd2 Bc5 14. Raf1
Ke7 15. Be2 f5 16. Bg5+ Nf6 17. f4 gxf3 18. Rxf3 f4 19. g3 Be3 20. gxf4 Bxf4 21.
Rxf4 exf4 22. e5 Ke6 23. exf6 Rae8 24. Rf1 Kd5 25. Bd3 c5 26. Rxf4 a6 27. c4+
Kd6 28. f7 Ref8 29. Rf6+ Ke5 30. Bxg6 b5 31. Rxa6 Kd4 32. cxb5 c4 33. Bf6+ Kc5
34. Bxh8 Rxh8 35. h5 Kxb5 36. Re6 Kc5 37. Re8 1-0

[Event "PRO League Pacific 2017"]
[Site "chess.com INT"]
[Date "2017.01.11"]
[Round "1"]
[White "Xu, Grant Y"]
[Black "Wheeler, Cameron"]
[Result "0-1"]
[BlackTitle "FM"]
[WhiteElo "2193"]
[BlackElo "2398"]
[WhiteTeam "Pittsburgh Pawngrabbers"]
[BlackTeam "San Francisco Mechanics"]
[WhiteFideId "2052318"]
[BlackFideId "2060531"]
[EventDate "2017.01.11"]

1. Nf3 d5 2. g3 Nf6 3. Bg2 c6 4. O-O Bf5 5. d4 e6 6. c3 Be7 7. Nh4 Be4 8. f3
Bxb1 9. Rxb1 Nfd7 10. f4 Bxh4 11. gxh4 Qxh4 12. f5 O-O 13. Rf4 Qe7 14. e4 exf5
15. exf5 Re8 16. Qh5 Nf6 17. Qh3 Nbd7 18. Bd2 Qe2 19. Rf2 Qh5 20. Qg3 Ne4 21.
Bxe4 Rxe4 22. Rg2 g6 23. fxg6 hxg6 24. Qc7 Nf8 25. Rf1 f5 26. Qxb7 Rae8 27. Qxc6
f4 28. Bxf4 R8e6 29. Qc7 Rf6 30. Rgf2 Ne6 31. Qd6 Rexf4 32. Rxf4 Nxf4 33. Qd8+
Rf8 34. Qxf8+ Kxf8 35. Rxf4+ Ke7 36. Rf2 Qg4+ 37. Kf1 Ke6 38. Ke1 Qg1+ 39. Ke2
Qb1 40. Kf3 Qxa2 41. Re2+ Kf6 42. Kg3 Qc4 43. Rf2+ Ke6 44. Kf3 Qd3+ 45. Kg2 Ke7
46. Kg1 a6 47. Kg2 Kd7 48. Rf3 Qe4 49. Kg3 g5 50. Rf2 Qh4+ 51. Kg2 Qg4+ 52. Kf1
Kc6 53. Rg2 Qe4 54. Rf2 Kb5 55. Kg1 a5 56. Kf1 a4 57. Kg1 Kc4 58. Kf1 Kb3 0-1

[Event "PRO League Pacific 2017"]
[Site "chess.com INT"]
[Date "2017.01.11"]
[Round "1"]
[White "Xu, Grant Y"]
[Black "Wolff, Patrick G"]
[Result "1-0"]
[BlackTitle "GM"]
[WhiteElo "2193"]
[BlackElo "2564"]
[WhiteTeam "Pittsburgh Pawngrabbers"]
[BlackTeam "San Francisco Mechanics"]
[WhiteFideId "2052318"]
[BlackFideId "2000148"]
[EventDate "2017.01.11"]

1. e4 c5 2. d4 cxd4 3. c3 dxc3 4. Nxc3 Nc6 5. Nf3 d6 6. Bc4 a6 7. O-O Nf6 8. Bf4
Bg4 9. h3 Bxf3 10. Qxf3 e6 11. Rfd1 Qc7 12. Rac1 Be7 13. Bb3 Qb8 14. Na4 Qc7 15.
Be3 O-O 16. Bb6 Qb8 17. Qe3 Qe8 18. f4 Rc8 19. g4 Nd7 20. f5 exf5 21. exf5 Nc5
22. Nxc5 dxc5 23. Bxc5 Bxc5 24. Qxc5 h6 25. Qb6 Qe5 26. Rc3 Rcd8 27. Rxd8 Rxd8
28. Qe3 Qxe3+ 29. Rxe3 Kf8 30. Ba4 b5 31. Bb3 Rd6 32. a4 b4 33. Bc4 a5 34. Bb5
f6 35. b3 Ne5 36. Re2 Rd1+ 37. Kg2 Rc1 38. Re3 Ke7 39. Kf2 Kd6 40. Ke2 Kc5 41.
Kd2 Rh1 42. Rg3 Kd4 43. Ke2 Rh2+ 44. Kd1 Ke4 45. Be2 Kf4 46. Rg1 Rxh3 47. Kc2
Ke3 48. Ba6 Rh2+ 49. Kb1 Nf3 50. Rd1 Nd2+ 51. Kc2 Ne4+ 52. Kc1 Nc3 53. Rd3+ Ke4
54. Rd7 Na2+ 55. Kb1 Nc3+ 56. Kc1 Ke3 57. Rd3+ Kf4 58. Rd4+ Kg5 59. Rc4 Rg2 60.
Rc5 Kxg4 61. Rxa5 h5 62. Bb7 Re2 63. Rc5 h4 64. Rc7 h3 65. Rxg7+ Kxf5 66. Rh7
Kg4 67. Bc8+ Kg5 68. Rxh3 f5 69. Rf3 f4 70. a5 Ra2 71. a6 Ra3 72. Kc2 Ne2 73.
Rf2 Nd4+ 74. Kd3 Nxb3 75. Kc4 Nc1 76. Kxb4 1-0

[Event "PRO League Pacific 2017"]
[Site "chess.com INT"]
[Date "2017.01.11"]
[Round "1"]
[White "Troff, Kayden W"]
[Black "Hevia Alejano, Carlos Antonio"]
[Result "1/2-1/2"]
[WhiteTitle "GM"]
[BlackTitle "GM"]
[WhiteElo "2511"]
[BlackElo "2496"]
[WhiteTeam "Las Vegas Desert Rats"]
[BlackTeam "Rio Grande Ospreys"]
[WhiteFideId "2047896"]
[BlackFideId "3508811"]
[EventDate "2017.01.11"]

1. d4 e6 2. c4 Nf6 3. Nf3 d5 4. Nc3 dxc4 5. e4 Bb4 6. Bxc4 Nxe4 7. O-O Nxc3 8.
bxc3 Be7 9. Ne5 O-O 10. Qg4 Nc6 11. Re1 f5 12. Qf3 Nxe5 13. Rxe5 Bd6 14. Rxf5
Rxf5 15. Qxf5 Qf6 16. Qe4 Rb8 17. Bd2 b5 18. Bb3 a5 19. Re1 a4 20. Bc2 Qf5 21.
Rb1 Qxe4 22. Bxe4 Bd7 23. c4 c6 24. c5 Bc7 25. f4 Bd8 26. Kf2 Rc8 27. Ke3 Be8
28. a3 Bg6 29. g4 Bxe4 30. Kxe4 Kf7 31. g5 Bc7 32. Rh1 Kg6 33. Rg1 Rd8 34. Rg3
Rd5 35. Rh3 Bd8 36. Rg3 Be7 37. Ba5 Rd7 38. Ke5 Kf7 39. Rg1 g6 40. h4 Bf8 41.
Ke4 Bg7 42. Bc3 h6 43. Rh1 Rd5 44. Rg1 Rd8 45. Rh1 Rh8 46. Rh3 Rd8 47. Rh1 Bf8
48. Ba5 Rd7 49. Bc3 Bg7 50. Rh3 Rd5 51. Rh1 Rd7 52. Rh3 Rd5 53. Rh1 Rd7 54. Rh3 1/2-1/2

[Event "PRO League Pacific 2017"]
[Site "chess.com INT"]
[Date "2017.01.11"]
[Round "1"]
[White "Troff, Kayden W"]
[Black "Ynojosa Aponte, Felix Jose"]
[Result "1/2-1/2"]
[WhiteTitle "GM"]
[BlackTitle "IM"]
[WhiteElo "2511"]
[BlackElo "2399"]
[WhiteTeam "Las Vegas Desert Rats"]
[BlackTeam "Rio Grande Ospreys"]
[WhiteFideId "2047896"]
[BlackFideId "3900258"]
[EventDate "2017.01.11"]

1. d4 Nf6 2. c4 e6 3. Nf3 d5 4. Nc3 c6 5. e3 Bd6 6. Qc2 Nbd7 7. Bd3 O-O 8. O-O
dxc4 9. Bxc4 b5 10. Be2 Bb7 11. Rd1 Rc8 12. e4 b4 13. e5 bxc3 14. bxc3 Be7 15.
exf6 Nxf6 16. Rb1 Qc7 17. Qa4 Ba8 18. Ba3 c5 19. Rbc1 Rfd8 20. Ne5 Rb8 21. Bf3
Bxf3 22. Nxf3 Nd5 23. Ne5 Rdc8 24. Nd7 Nb6 25. Nxb6 axb6 26. dxc5 Ra8 27. Qb3
bxc5 28. c4 Bf6 29. Rd3 Bd4 30. Re1 e5 31. Bc1 Rcb8 32. Qc2 Qa5 33. Re2 Qa4 34.
Rb3 Rd8 35. g3 h6 36. Kg2 Rd7 37. f3 Qc6 38. Qf5 Rda7 39. a3 Ra4 40. Rc2 Qa6 41.
Qe4 Re8 42. Qd5 Qg6 43. Re2 Kh7 44. h4 f5 45. Rb7 Qe6 46. Qxe6 Rxe6 47. Rc2 e4
48. fxe4 fxe4 49. Rf7 e3 50. Kf3 e2 51. Rxe2 Rxe2 52. Kxe2 Rxc4 53. Bd2 Rc2 54.
Rf3 Ra2 55. Kd1 Bb2 56. Rb3 Bxa3 57. Bc3 Bb4 58. Bxb4 cxb4 59. Rxb4 1/2-1/2

[Event "PRO League Pacific 2017"]
[Site "chess.com INT"]
[Date "2017.01.11"]
[Round "1"]
[White "Ashwin, Jayaram"]
[Black "Naroditsky, Daniel"]
[Result "1/2-1/2"]
[WhiteTitle "GM"]
[BlackTitle "GM"]
[WhiteElo "2490"]
[BlackElo "2646"]
[WhiteTeam "Webster Windmills"]
[BlackTeam "San Jose Hackers"]
[WhiteFideId "5018137"]
[BlackFideId "2026961"]
[EventDate "2017.01.11"]

1. d4 Nf6 2. Nf3 d5 3. Bf4 c5 4. e3 Nc6 5. Nbd2 Bg4 6. c3 Qb6 7. Qb3 c4 8. Qc2
e6 9. b3 Bf5 10. Qc1 cxb3 11. axb3 Be7 12. h3 O-O 13. Be2 Rfc8 14. Qb2 Nb4 15.
O-O Bd3 16. Rfe1 Bxe2 17. Rxe2 Nd3 18. Qc2 Nb4 19. Qb2 Nd3 20. Qc2 Nb4 21. Qb2 1/2-1/2

[Event "PRO League Pacific 2017"]
[Site "chess.com INT"]
[Date "2017.01.11"]
[Round "1"]
[White "Raptis, Nick"]
[Black "Johnson, Frank B"]
[Result "1/2-1/2"]
[WhiteTitle "FM"]
[WhiteElo "2262"]
[BlackElo "2191"]
[WhiteTeam "Portland Rain"]
[BlackTeam "Minnesota Blizzard"]
[WhiteFideId "2016850"]
[BlackFideId "2026511"]
[EventDate "2017.01.11"]

1. d4 Nf6 2. Nf3 g6 3. c4 Bg7 4. Nc3 O-O 5. e4 d6 6. Be2 e5 7. O-O Nc6 8. d5 Ne7
9. a4 a5 10. Ne1 Nd7 11. Nd3 f5 12. f3 fxe4 13. Nxe4 Nf5 14. Ndf2 b6 15. Bg5 Qe8
16. Bd3 Nf6 17. Nxf6+ Bxf6 18. Bd2 Bg7 19. Ne4 Bh6 20. Bxh6 Nxh6 21. Qd2 Kg7 22.
b4 axb4 23. Qxb4 Ra5 24. Nd2 Bd7 25. Bc2 Nf5 26. Ne4 Ne3 27. Rf2 Nxc2 28. Rxc2
Bf5 29. Re2 Bxe4 30. Rxe4 Qd7 31. Re2 Rfa8 32. Rea2 Qf5 33. Qc3 Kg8 34. h3 Qf4
35. Qd3 Rc5 36. Rc2 b5 37. Rac1 bxa4 38. Ra1 Rca5 39. Ra3 Rb8 40. Re2 Rb1+ 41.
Kf2 Rb4 42. Rc2 Rc5 43. Rac3 Qd4+ 44. Ke2 Qxd3+ 45. Kxd3 Kf7 46. Ra2 Kf6 47. g3
Kf5 48. Raa3 h5 49. h4 g5 50. hxg5 Kxg5 51. Ra2 h4 52. gxh4+ Kxh4 53. Rg2 Rb1
54. Ke4 Rb8 55. Rc1 Kh3 56. Rg7 Kh2 57. Rc2+ Kh3 58. Rc1 Kh2 59. Rc2+ Kh3 60.
Rc1 Kh2 1/2-1/2

[Event "PRO League Pacific 2017"]
[Site "chess.com INT"]
[Date "2017.01.11"]
[Round "1"]
[White "Raptis, Nick"]
[Black "Tang, Andrew"]
[Result "1/2-1/2"]
[WhiteTitle "FM"]
[BlackTitle "IM"]
[WhiteElo "2262"]
[BlackElo "2466"]
[WhiteTeam "Portland Rain"]
[BlackTeam "Minnesota Blizzard"]
[WhiteFideId "2016850"]
[BlackFideId "2059630"]
[EventDate "2017.01.11"]

1. Nf3 d5 2. g3 Nf6 3. Bg2 e6 4. O-O Be7 5. d4 O-O 6. c4 dxc4 7. Ne5 Nc6 8. Bxc6
bxc6 9. Nxc6 Qe8 10. Nxe7+ Qxe7 11. Qa4 e5 12. dxe5 Qxe5 13. Qxc4 Be6 14. Qc2
Bf5 15. Qc4 Be6 16. Qc2 Qh5 17. f3 Rfe8 18. Nc3 Bc4 19. Rf2 Rad8 20. Bf4 c6 21.
Rd1 h6 22. e4 Nd7 23. Bc7 Rc8 24. Rxd7 Be6 25. Qd3 Bxd7 26. Qxd7 Qc5 27. Kg2 Ra8
28. Qd6 Qc4 29. Rd2 Re6 30. Qd3 Qb4 31. Bd6 Qb7 32. e5 Rd8 33. Re2 Qb6 34. f4
Qa5 35. b4 Qa3 36. Qc4 Qc1 37. Qd3 h5 38. Ne4 h4 39. Ng5 Rh6 40. Qf5 Qc4 41. Qe4
Qc1 42. Qf5 Qc4 43. Qe4 Qc1 44. Rf2 hxg3 45. Kxg3 Re8 46. Qf5 Qg1+ 47. Kf3 Qh1+
48. Ke2 Qd5 49. Kf1 Qh1+ 50. Ke2 Qd5 51. Kf1 Qh1+ 52. Ke2 1/2-1/2

[Event "PRO League Pacific 2017"]
[Site "chess.com INT"]
[Date "2017.01.11"]
[Round "1"]
[White "Tiglon, Bryce"]
[Black "Dreev, Aleksey"]
[Result "0-1"]
[WhiteTitle "FM"]
[BlackTitle "GM"]
[WhiteElo "2312"]
[BlackElo "2651"]
[WhiteTeam "Seattle Sluggers"]
[BlackTeam "San Diego Surfers"]
[WhiteFideId "2087456"]
[BlackFideId "4100107"]
[EventDate "2017.01.11"]

1. e4 c6 2. d4 d5 3. Nd2 dxe4 4. Nxe4 Bf5 5. Ng3 Bg6 6. h4 h6 7. Nf3 e6 8. h5
Bh7 9. Bd3 Bxd3 10. Qxd3 Nf6 11. Bd2 Be7 12. O-O-O O-O 13. Ne4 Nxe4 14. Qxe4 Qd5
15. Qxd5 cxd5 16. Ne5 Bd6 17. g4 Bxe5 18. dxe5 Nc6 19. f4 Rac8 20. Kb1 Rfd8 21.
Rhg1 d4 22. Rg3 Rd5 23. Rd3 Rcd8 24. Be1 f6 25. exf6 gxf6 26. c3 dxc3 27. Rxd5
exd5 28. Bxc3 Kf7 29. g5 d4 30. Bd2 Rd5 31. Rg1 d3 32. Rg3 Ne7 33. b4 Nf5 34.
Rf3 Kg7 35. Kb2 hxg5 36. fxg5 fxg5 37. Kc3 Nd6 38. Rxd3 Ne4+ 0-1

[Event "PRO League Pacific 2017"]
[Site "chess.com INT"]
[Date "2017.01.11"]
[Round "1"]
[White "Tiglon, Bryce"]
[Black "Brown, Michael William"]
[Result "1-0"]
[WhiteTitle "FM"]
[BlackTitle "IM"]
[WhiteElo "2312"]
[BlackElo "2452"]
[WhiteTeam "Seattle Sluggers"]
[BlackTeam "San Diego Surfers"]
[WhiteFideId "2087456"]
[BlackFideId "2037602"]
[EventDate "2017.01.11"]

1. e4 e5 2. Nf3 Nc6 3. Bb5 a6 4. Ba4 Nf6 5. O-O Be7 6. Bxc6 dxc6 7. d3 Nd7 8.
Nbd2 O-O 9. Nc4 f6 10. Nh4 g6 11. Nf3 Nc5 12. b3 Be6 13. Ne3 Qd7 14. a4 a5 15.
Bb2 Rad8 16. Qe1 b6 17. Rd1 Qc8 18. Nd2 Bf7 19. f4 exf4 20. Rxf4 Be6 21. d4 Nd7
22. d5 cxd5 23. exd5 Bf7 24. Ng4 Rde8 25. Ne4 h5 26. Ngxf6+ Nxf6 27. Rxf6 Bc5+
28. Kh1 Qg4 29. Rxf7 Kxf7 30. Qf1+ Qf5 31. Nxc5 bxc5 32. Qc4 Re4 33. Qxc5 Kg8
34. h3 Rf7 35. Qc3 Kf8 36. Ba3+ Kg8 37. Bb2 Kf8 38. Qh8+ Ke7 39. Ba3+ Kd7 40. d6
c6 41. Qb8 Re2 42. Qc7+ Ke6 43. Qc8+ Kf6 44. Qxf5+ Kxf5 45. d7 1-0

[Event "PRO League Pacific 2017"]
[Site "chess.com INT"]
[Date "2017.01.11"]
[Round "1"]
[White "Margvelashvili, Giorgi"]
[Black "Dreev, Aleksey"]
[Result "1/2-1/2"]
[WhiteTitle "GM"]
[BlackTitle "GM"]
[WhiteElo "2530"]
[BlackElo "2651"]
[WhiteTeam "Seattle Sluggers"]
[BlackTeam "San Diego Surfers"]
[WhiteFideId "13602926"]
[BlackFideId "4100107"]
[EventDate "2017.01.11"]

1. g3 d5 2. Bg2 c6 3. c4 dxc4 4. Na3 Be6 5. Qc2 Nf6 6. Nxc4 g6 7. Nf3 Bg7 8. O-O
O-O 9. b3 Na6 10. Bb2 Nb4 11. Qd1 a5 12. a3 Na6 13. Rc1 Nc5 14. d4 Nce4 15. Nfe5
Bd5 16. f3 Nd6 17. e4 Be6 18. Qe2 Qb8 19. Rfd1 Qa7 20. Kh1 Rfd8 21. Nd3 Nd7 22.
d5 cxd5 23. exd5 Bxd5 24. Nxd6 exd6 25. Bxg7 Kxg7 26. Nf4 Bc6 27. Rxd6 Re8 28.
Qb2+ Kg8 29. h4 Ne5 30. Nd5 Bxd5 31. Rxd5 Qe3 32. Qc3 Qxc3 33. Rxc3 Rad8 34.
Rxd8 Rxd8 35. Rc5 Nc6 36. f4 Rd3 37. Bxc6 bxc6 38. Kg2 Rxb3 39. Rxa5 h5 40. Rc5
Rxa3 41. Rxc6 Kg7 42. Kf2 Ra2+ 43. Kf3 1/2-1/2

[Event "PRO League Pacific 2017"]
[Site "chess.com INT"]
[Date "2017.01.11"]
[Round "1"]
[White "Margvelashvili, Giorgi"]
[Black "Brown, Michael William"]
[Result "1-0"]
[WhiteTitle "GM"]
[BlackTitle "IM"]
[WhiteElo "2530"]
[BlackElo "2452"]
[WhiteTeam "Seattle Sluggers"]
[BlackTeam "San Diego Surfers"]
[WhiteFideId "13602926"]
[BlackFideId "2037602"]
[EventDate "2017.01.11"]

1. Nf3 Nf6 2. c4 e6 3. g3 d5 4. b3 Be7 5. Bg2 O-O 6. Bb2 c6 7. O-O a5 8. d4 Nbd7
9. Nc3 a4 10. Nxa4 b5 11. Nc3 Ba6 12. c5 b4 13. Na4 Qa5 14. a3 Rfb8 15. axb4
Qxb4 16. Nd2 e5 17. Bc3 Qb7 18. dxe5 Ng4 19. b4 Ngxe5 20. Nb6 Ra7 21. Nb3 Bf6
22. Bd4 Bb5 23. Rxa7 Qxa7 24. Na5 Qa6 25. Re1 Nxb6 26. cxb6 Nd7 27. Bxf6 Nxf6
28. b7 c5 29. Qd2 Bc6 30. bxc5 Bxb7 31. Rb1 Nd7 32. Qc3 h6 33. e3 Ba8 34. Rxb8+
Nxb8 35. Qb4 Nd7 36. Nb3 Qd3 37. Bf1 Qd1 38. Nd4 Kh7 39. c6 Ne5 40. c7 Qc1 41.
Qd6 Nd3 42. Kg2 Ne1+ 43. Kh3 Bb7 44. Qd7 Qc5 45. Qxf7 Qd6 46. Qxg7+ Kxg7 47.
Nf5+ Kf6 48. Nxd6 1-0

[Event "PRO League Pacific 2017"]
[Site "chess.com INT"]
[Date "2017.01.11"]
[Round "1"]
[White "Brown, Michael William"]
[Black "Orlov, Georgi"]
[Result "1-0"]
[WhiteTitle "IM"]
[BlackTitle "IM"]
[WhiteElo "2452"]
[BlackElo "2475"]
[WhiteTeam "San Diego Surfers"]
[BlackTeam "Seattle Sluggers"]
[WhiteFideId "2037602"]
[BlackFideId "2011271"]
[EventDate "2017.01.11"]

1. d4 Nf6 2. c4 Nc6 3. Nf3 e6 4. Nc3 d5 5. Bg5 Be7 6. e3 Ne4 7. Bxe7 Qxe7 8. Rc1
O-O 9. Bd3 Nxc3 10. Rxc3 Nb4 11. Bb1 dxc4 12. Rxc4 b5 13. Rc5 Nd5 14. O-O g6 15.
e4 Nf6 16. Qc1 Ne8 17. Qh6 f6 18. Rfc1 a6 19. h4 Ra7 20. h5 Qg7 21. Qe3 Nd6 22.
e5 Nc4 23. exf6 Rxf6 24. Qg5 h6 25. Qg3 gxh5 26. Qxg7+ Kxg7 27. b3 Nb6 28. Rxc7+
Rxc7 29. Rxc7+ Rf7 30. Rc6 Rb7 31. Be4 Rb8 32. Rc7+ Kf6 33. Ne5 Nd5 34. Rf7+ Kg5
35. Bxd5 exd5 36. f4+ Kh4 37. Kh2 1-0

[Event "PRO League Pacific 2017"]
[Site "chess.com INT"]
[Date "2017.01.11"]
[Round "1"]
[White "Brown, Michael William"]
[Black "Mikhalevski, Victor"]
[Result "0-1"]
[WhiteTitle "IM"]
[BlackTitle "GM"]
[WhiteElo "2452"]
[BlackElo "2504"]
[WhiteTeam "San Diego Surfers"]
[BlackTeam "Seattle Sluggers"]
[WhiteFideId "2037602"]
[BlackFideId "2801914"]
[EventDate "2017.01.11"]

1. d4 Nf6 2. c4 g6 3. Nc3 d5 4. Bf4 Bg7 5. e3 O-O 6. Rc1 Be6 7. Qb3 c5 8. Nf3
Nc6 9. dxc5 Qa5 10. Qb5 Rac8 11. Nd4 Qxb5 12. cxb5 Nxd4 13. exd4 Ne4 14. Rd1 f6
15. Be2 Bf7 16. f3 Ng5 17. h4 Ne6 18. Be3 Rfd8 19. Kf2 Bf8 20. b4 Ng7 21. g4 e5
22. a3 Ne6 23. Rhe1 Bg7 24. Nb1 exd4 25. Bxd4 Nxd4 26. Rxd4 f5 27. Rd2 d4 28.
gxf5 gxf5 29. Bd3 Bh6 30. Rde2 Be3+ 31. Kg2 Be6 32. Nd2 Kf7 33. Nc4 Rg8+ 34. Kh2
Bf4+ 35. Kh1 Bd5 36. Rf1 Rg3 37. Ne5+ Kf6 38. Nd7+ Kf7 39. Ne5+ Kf6 40. Nd7+ Kf7
41. Bxf5 Rcg8 0-1

[Event "PRO League Pacific 2017"]
[Site "chess.com INT"]
[Date "2017.01.11"]
[Round "1"]
[White "Petesch, Gabriel N"]
[Black "Bhat, Vinay S."]
[Result "0-1"]
[WhiteTitle "FM"]
[BlackTitle "GM"]
[WhiteElo "2260"]
[BlackElo "2519"]
[WhiteTeam "Pittsburgh Pawngrabbers"]
[BlackTeam "San Francisco Mechanics"]
[WhiteFideId "2032465"]
[BlackFideId "2011352"]
[EventDate "2017.01.11"]

1. d4 d5 2. Nf3 Nf6 3. Bf4 c5 4. dxc5 e6 5. e3 Bxc5 6. Nbd2 Nc6 7. a3 a6 8. b4
Ba7 9. Be2 O-O 10. O-O h6 11. h3 Re8 12. Ne5 Nd7 13. Nxc6 bxc6 14. c4 e5 15. Bh2
Nf6 16. Nf3 Bb8 17. Rc1 Bf5 18. Qa4 Bd7 19. Qb3 Qe7 20. Rfd1 Bd6 21. Bg3 a5 22.
c5 Bc7 23. b5 cxb5 24. c6 Bf5 25. Bxb5 a4 26. Qa2 Reb8 27. Qe2 Ra5 28. Ba6 Ne4
29. Bh2 f6 30. Bb7 Qxa3 31. Nh4 Be6 32. Qh5 Qb2 33. Rf1 a3 34. Nf5 Qb4 35. Qg6
Bxf5 36. Qxf5 Qe7 37. Rfd1 Nd6 38. Qg4 Kf7 39. Qf3 Nxb7 40. cxb7 Rxb7 41. Rxd5
e4 42. Qd1 Bxh2+ 43. Kxh2 Rba7 44. Rd8 Kg6 45. Qg4+ Rg5 46. Qd1 a2 47. h4 Rga5
48. Qg4+ Kh7 49. Rcc8 Qxd8 50. Rxd8 a1=Q 51. Qxe4+ f5 0-1

[Event "PRO League Pacific 2017"]
[Site "chess.com INT"]
[Date "2017.01.11"]
[Round "1"]
[White "Petesch, Gabriel N"]
[Black "Liou, Yian"]
[Result "0-1"]
[WhiteTitle "FM"]
[BlackTitle "IM"]
[WhiteElo "2260"]
[BlackElo "2414"]
[WhiteTeam "Pittsburgh Pawngrabbers"]
[BlackTeam "San Francisco Mechanics"]
[WhiteFideId "2032465"]
[BlackFideId "2039583"]
[EventDate "2017.01.11"]

1. d4 d5 2. c4 c6 3. Nf3 Nf6 4. Qc2 g6 5. g3 Bg7 6. Bg2 O-O 7. O-O Be6 8. b3 Bc8
9. Nbd2 a6 10. a4 Bg4 11. Ba3 Nbd7 12. Rfe1 Re8 13. Rad1 Qb6 14. h3 Bf5 15. Qa2
Ne4 16. Bb2 Nxd2 17. Rxd2 Be4 18. Red1 Rad8 19. Ne1 Bxg2 20. Nxg2 Nf6 21. Rc2 e6
22. Ne1 Ne4 23. Nf3 dxc4 24. bxc4 c5 25. e3 Qc7 26. Kg2 Rd7 27. Qb3 Red8 28. Kf1
cxd4 29. exd4 Nd6 30. g4 Nc8 31. Rcd2 Nd6 32. Ne5 Bxe5 33. dxe5 Ne4 34. Rxd7
Rxd7 35. Rxd7 Qxd7 36. Qc2 Nc5 37. a5 Qc6 38. Ke2 Kf8 39. Qd2 Qe4+ 40. Kd1 Nd3
41. Ba3+ Ke8 42. Qh6 Nxf2+ 43. Kc1 Qxc4+ 44. Kb2 Nd3+ 45. Ka1 Qc3+ 46. Ka2 Nb4+
47. Bxb4 Qxb4 48. Qxh7 Qxa5+ 49. Kb3 Qb5+ 50. Kc2 Qxe5 51. Qg8+ Ke7 52. Qc8 Qe4+
53. Kc3 Qc6+ 0-1

[Event "PRO League Pacific 2017"]
[Site "chess.com INT"]
[Date "2017.01.11"]
[Round "1"]
[White "Belous, Vladimir"]
[Black "Troff, Kayden W"]
[Result "0-1"]
[WhiteTitle "GM"]
[BlackTitle "GM"]
[WhiteElo "2564"]
[BlackElo "2511"]
[WhiteTeam "Rio Grande Ospreys"]
[BlackTeam "Las Vegas Desert Rats"]
[WhiteFideId "4174003"]
[BlackFideId "2047896"]
[EventDate "2017.01.11"]

1. d4 Nf6 2. c4 g6 3. Nc3 d5 4. Nf3 Bg7 5. Bf4 O-O 6. e3 c5 7. dxc5 Ne4 8. Rc1
Qa5 9. Be5 Bxe5 10. Nxe5 Nxc3 11. Rxc3 Nc6 12. Nxc6 bxc6 13. cxd5 cxd5 14. a3
Rd8 15. Be2 e5 16. O-O d4 17. exd4 exd4 18. b4 dxc3 19. bxa5 Rxd1 20. Bxd1 Ba6
21. Re1 Rc8 22. Bc2 Rxc5 23. Re3 Bc8 24. Re2 Bd7 25. f3 Rxa5 26. Re7 Ba4 27.
Bxa4 Rxa4 28. Kf2 Rxa3 29. Rc7 Ra2+ 30. Kg3 c2 31. h4 Rb2 32. Kf4 a5 33. h5 Kg7
34. hxg6 hxg6 35. Ke3 a4 36. Kd2 a3 37. Kc1 Rb1+ 38. Kxc2 a2 39. Rxf7+ Kxf7 0-1